000 00701cam a22002411 4500
001 sa 68015039
003 DLC
005 20260227112639.0
008 900126s1966 ii c 000 0 hino
010 _asa 68015039
035 _a(OCoLC)20963627
040 _aDLC
_cWaU
_dDLC
043 _aa-ii---
050 0 0 _aML338.B448
_bU9
100 1 _aBhatkhande, Vishnu Narayan,
_d1860-1936.
245 1 0 _aUttara Bhāratīya saṅgīta kā saṅkshipta itihāsu.
260 _c1966.
300 _a68 p.
_bport.
_c23 cm.
500 _aIn Hindi; some quotations in Sanskrit.
650 0 _aHindustani music
_xHistory and criticism.
700 1 _aGarga, Lakshmīnārāyaṇa.
700 1 _aSen, Arunkumar.
999 _c86183
_d86183